Tous les arcs de one piece - Statistiques

Statistiques générales
  • Ce quiz a été pris 381 fois
    162 depuis la dernière actualisation
  • Le résultat moyen est 23 sur 33
Statistiques - réponses
Chapitre Nombre de chapitre Arc % Correct
909-1057 149 Wano
95%
69-95 27 Arlong park
89%
155-217 63 Alabasta
88%
550-580 31 Marineford
88%
802-824 23 Zou
86%
237-302 66 Skypiea
83%
322-373 52 Water Seven
83%
374-430 57 Ennies Lobby
82%
700-801 102 Dressrosa
81%
525-549 25 Impel Down
81%
442-489 48 Thriller Bark
81%
825-902 78 Whole Cake Island
81%
42-68 27 Baratie
80%
490-513 24 Sabaody archypelago
78%
603-653 51 Fish-Man Island
76%
654-699 46 Punk Hazard
75%
514-524 11 Amazon Lily
74%
1058-1022 64 Egghead
74%
130-154 25 Drum Island
72%
8-21 14 Orange town
72%
1022-... Elbaf
68%
96-100 5 Loguetown
66%
218-236 19 Jaya
64%
115-129 15 Little Garden
64%
106-114 9 Whiskey Peak
59%
903-908 6 Reverie
57%
1-7 7 Romance dawn
56%
303-321 19 Long Ring Long Land
51%
431-441 11 Post Ennies lobby
51%
22-41 20 Syrup village
51%
581-597 17 Post-war Arc
50%
101-105 5 Mount Reverse
45%
598-602 5 Return to Sabaody
42%
Aucun quiz correspondant
Distribution des résultats
% des personnes avec chaque résultat
Percentile par nombre de réponses
Votre historique - résultats
Vous n’avez pas pris ce quiz depuis la dernière actualisation